[Event "EU-ch 7th"]
[Site "Kusadasi"]
[Date "2006.04.09"]
[Round "6"]
[White "Predojevic, Borki"]
[Black "Atalik, Suat"]
[Result "0-1"]
[WhiteElo "2566"]
[BlackElo "2632"]
[Annotator "Atalik,S"]
[PlyCount "114"]
[EventDate "2006.04.04"]
[EventType "swiss"]
[EventRounds "13"]
[EventCountry "TUR"]
[SourceTitle "CBM 111 Extra"]
[Source "ChessBase"]
[SourceDate "2006.05.09"]
[SourceVersion "1"]
[SourceVersionDate "2006.05.09"]
[SourceQuality "1"]

1. e4 e5 2. Nf3 Nc6 3. Bb5 a6 4. Ba4 Nf6 5. O-O Nxe4 6. d4 b5 7. Bb3 d5 8. dxe5
Be6 9. Be3 $5 Be7 10. c3 O-O 11. Nbd2 Qd7 12. Re1 Nxd2 13. Bxd2 $5 (13. Qxd2
Rad8 $5 (13... Na5 14. Bg5 c5 $14) 14. Bc2 (14. Rad1 Na5 $132) 14... Bf5 $11 {
is the regular line.}) 13... Rad8 (13... Bg4 $5 14. Bc2 f6 15. Qb1 $1 fxe5 (
15... Bxf3 $2 16. e6 Qd6 17. Bxh7+ Kh8 18. gxf3 Ne5 (18... g6 $2 19. Bxg6 Ne5
20. Qf5 Nxg6 21. Qh5+ $18) 19. Qf5 g5 20. Qh3 Kg7 21. f4 Rh8 22. fxe5 fxe5 23.
Bxg5 Bxg5 24. Qf5 Rxh7 25. Qxg5+ Kh8 26. Qxe5+ Qxe5 27. Rxe5 $18) 16. Bxh7+ Kh8
17. Nxe5 Nxe5 18. Rxe5 $13 {was very sharp.}) 14. Nd4 (14. Bg5 Bg4) (14. Bc2 d4
15. Be4 dxc3 16. Bxc3 Bd5 17. Qc2 Bxe4 18. Qxe4 Qe6 19. Rac1 Rd5 20. b3 Rfd8
$11) 14... Nxd4 15. cxd4 c5 16. dxc5 Bxc5 17. Rc1 Qa7 18. Qf3 Rfe8 19. Bc2 Rc8
20. Bd3 g6 $1 21. h4 {Draw offer.I was determined not to take it no matter
what the position was.} Qd7 22. Qf4 h5 23. b4 $2 {These pawns will not come
back in the endgame.} (23. a4 $5 $11) 23... Bf8 24. Rxc8 Rxc8 25. Re3 Bg7 26.
Qd4 Rd8 27. Re1 Bf5 $1 {From now on I started to overtake the iniative.} 28.
Bg5 Re8 29. Bxf5 Qxf5 30. Qxd5 {Blindly going into the ending.} (30. f4 f6)
30... Rxe5 31. Rxe5 Qxe5 32. Qd2 Qd4 $1 33. Qxd4 Bxd4 $19 {With so many
weaknesses the bishop ending is lost like I have foreseen.} 34. Kf1 f6 35. Be3
Be5 $1 {The bishop ending is lost not the pawn.} (35... Bxe3 $2 36. fxe3 Kf7
37. Ke2 Ke6 38. e4 Ke5 39. Ke3 f5 40. exf5 Kxf5 41. Kf3 g5 42. g3 gxh4 43. gxh4
Ke5 44. Ke3 $11) 36. Ke2 Kf7 37. Kd3 Ke6 38. Ke4 f5+ $1 39. Kd3 f4 $1 {This is
very important .Black has the nasty f3 idea.} 40. Bd4 (40. Bd2 f3 $1 41. g3 Kf5
$19) 40... Bd6 41. Ke4 (41. a3 f3 $1 42. g3 Kf5 $1 43. Ke3 Kg4 44. Bc5 Be5 45.
Bd4 Bc7 46. Bc5 Bd8 47. Ke4 g5 48. hxg5 Bxg5 49. Be3 Bf6 50. Bd4 Bd8 $19 {
and white's bishop is forced to give way!}) 41... Bxb4 42. Kxf4 Be7 43. g3 a5
$1 {Kings position in the center is not that important a nad b pawns should
roll as much as they can.} (43... Kd5 44. Bb6 b4 $19) 44. Ke4 a4 45. Bh8 b4 46.
Kd3 (46. Kd4 Kf5 47. Kc4 Ke4 $19) (46. Bg7 a3 $1 47. Kd3 Kd5 48. Kc2 Ke4 $19)
46... Kd5 47. Bg7 Bc5 48. f3 Bd6 $1 49. g4 Be7 $1 {Simple pursuite to provoke
white's pawns into black squares.} 50. gxh5 gxh5 51. f4 Bxh4 {Now it is easy
with the pawn up.} 52. f5 Be1 53. Bf6 h4 54. Bd8 (54. Ke2 h3 $19) 54... h3 55.
f6 h2 56. f7 h1=Q 57. f8=Q Qe4# 0-1

[Event "Sigeman & Co 14th"]
[Site "Malmo"]
[Date "2006.04.29"]
[Round "2"]
[White "Fedorov, Alexei"]
[Black "Atalik, Suat"]
[Result "1/2-1/2"]
[WhiteElo "2614"]
[BlackElo "2632"]
[Annotator "Atalik,S"]
[PlyCount "45"]
[EventDate "2006.04.28"]
[EventType "tourn"]
[EventRounds "9"]
[EventCountry "SWE"]
[EventCategory "13"]
[SourceTitle "CBM 113"]
[Source "ChessBase"]
[SourceDate "2006.07.31"]
[SourceVersion "1"]
[SourceVersionDate "2006.07.31"]
[SourceQuality "1"]

1. e4 e5 2. Nf3 Nc6 3. Bb5 a6 4. Ba4 Nf6 5. O-O Nxe4 {So I decided to try Open
Spanish against a much more serious opponent this time.} 6. d4 b5 7. Bb3 d5 8.
dxe5 Be6 9. Nbd2 Be7 10. c3 O-O 11. Bc2 f5 12. Nb3 {This is the popular line
these days.Years ago the resulting positions were considered to be passive for
black but Chekhov and Kortschnoj were not sharing this opinion.} Qd7 13. Nfd4
Nxd4 14. Nxd4 c5 15. Nxe6 Qxe6 16. f3 Ng5 17. a4 Rad8 18. axb5 axb5 19. Kh1 (
19. Bxg5 Bxg5 20. f4 Be7 21. Kh1 $36 {is more fashionable these days.}) 19...
Qb6 $2 $146 {This is a bad novelty.} (19... c4 20. Qd4 Qc6 $2 21. Qh4 $18) (
19... Rd7 20. Qd3 Qc6 21. Bxg5 Bxg5 22. f4 Be7 23. Rfd1 g6 24. Ra5 c4 25. Qf3
$40) 20. Bxg5 $1 (20. Be3 Ne6 21. Qb1 (21. Bb3 Kh8) 21... g6 $132) 20... Bxg5
21. f4 Be7 22. Qf3 $2 (22. g4 $1 {is terribly strong since black's queen left
her post on e6.} d4 (22... fxg4 23. Qxg4) (22... g6 23. gxf5 gxf5 24. Qh5 Qe6
25. Rg1+ Kh8 26. Rg2 c4 27. Rag1 $18) (22... Qc6 23. Bxf5 d4+ 24. Qf3 Qxf3+ 25.
Rxf3 $16) 23. Bxf5 (23. gxf5 $2 d3 24. Bxd3 c4 25. f6 Rxd3 26. fxe7 Qc6+ 27.
Kg1 Qc5+ $11) 23... dxc3 24. Qb3+ c4 25. Qxc3 h5 (25... Qc6+ 26. Qf3) 26. Be4
$1 (26. Qh3 $2 Qc6+ 27. Qf3 Qxf3+ 28. Rxf3 Rd4 29. Ra7 Rd1+ 30. Kg2 Rd2+ 31.
Kg3 Bc5 32. Rb7 Rxb2 33. Be6+ Kh8 34. Bxc4 g5 35. Rxb5 Rxb5 36. Bxb5 hxg4 37.
Kxg4 gxf4 38. Rxf4 Rxf4+ 39. Kxf4 $11) (26. h3 $16) 26... hxg4 27. f5 Rd3 28.
Qc2 Rh3 29. Rg1 Rh4 30. Qe2 g3 31. Bd5+ (31. Rxg3 Qd4 $19) 31... Kh8 32. Rxg3
Rxf5 33. Ra8+ Kh7 34. Be4 $18) 22... d4 $2 {The idea is right but not the
execution.} (22... c4 23. Rad1 (23. Rfd1 d4 24. cxd4 Rxd4 $11 {was the
accurate move order.}) 23... Qe6 $14) 23. cxd4 {Alexey did not realise that he
was sitting behind an almost winning position.} (23. cxd4 {The last move
played in the game.} Rxd4 24. Rad1 c4 25. Rxd4 Qxd4 26. Qc6 Qxb2 27. Qe6+ Rf7
28. Bxf5 {is a winning position for white.} Qe2 $16 (28... c3 29. Bd3 $18) (
28... g6 29. Bg4 Qd4 (29... Kg7 30. f5 gxf5 31. Bh5 $18) 30. h3 $18 (30. Bf3
Qd3 31. Rd1)) 29. Ra1 g6 (29... Qb2 30. Ra8+ Bf8 31. Rxf8+ Kxf8 32. Qc8+ Ke7
33. Qd7+ Kf8 34. Qd8#) 30. Bg4 Qe4 $8 (30... Qd2 31. Rf1 Qd3 32. Rd1 Qe4 33.
Qd7 Qxf4 34. Be6 $18) (30... Qf2 31. Bf3 (31. f5 Qd4) 31... Qd4 32. Rf1 Qd3 33.
Rd1 Qf5 34. Qc6 Kg7 35. g3 $16)) 1/2-1/2

[Event "TUR-ch"]
[Site "Istanbul"]
[Date "2006.03.16"]
[Round "6"]
[White "Atakisi, Umut"]
[Black "Atalik, Suat"]
[Result "1/2-1/2"]
[WhiteElo "2441"]
[BlackElo "2618"]
[Annotator "Atalik,S"]
[PlyCount "91"]
[EventDate "2006.03.11"]
[EventType "tourn"]
[EventRounds "13"]
[EventCountry "TUR"]
[EventCategory "4"]
[SourceTitle "CBM 111 Extra"]
[Source "ChessBase"]
[SourceDate "2006.05.09"]
[SourceVersion "1"]
[SourceVersionDate "2006.05.09"]
[SourceQuality "1"]

1. e4 e5 2. Nf3 Nc6 3. Bb5 a6 4. Ba4 Nf6 5. O-O Nxe4 {Back in Open Spanish!} 6.
d4 b5 7. Bb3 d5 8. dxe5 Be6 9. Nbd2 Be7 10. c3 O-O 11. Bc2 f5 12. exf6 $5 (12.
Nb3 Qd7 13. Nfd4 Nxd4 14. Nxd4 c5 15. Nxe6 Qxe6 16. f3 Ng5 $13 {is more a la
vogue these days.}) 12... Nxf6 13. Nb3 Bg4 14. Qd3 Qd7 15. Bf4 $6 $146 Bxf3 $2
{A terribly weird move.} (15... Bd6 16. Bg3 (16. Bxd6 $2 Qxd6 17. Ng5 Ne5 18.
Qg3 h6 $17) 16... Bxg3 17. hxg3 Bxf3 18. Qxf3 (18. gxf3 $2 Ne5 19. Qd1 Qh3 $19)
18... Ne5 19. Qf4 (19. Qd1 $15) 19... Qd6 $15) 16. Qxf3 g6 {I have thought
that I had some serious attacking chances but retardo killed all of them by
some surprisingly exact play!} (16... Ng4 $2 17. Qg3 Rxf4 18. Qxf4 Bd6 19. Bf5
$18) 17. Rad1 $1 Bd6 (17... Nh5 $2 18. Rxd5 Bd6 19. Nc5 (19. Bf5 $5) 19... Qe8
20. Rxd6 $1 Nxf4 21. Rd2 Ne5 22. Bb3+ Kh8 23. Qe4 Nh3+ 24. Kh1 $18) 18. Rfe1 $1
(18. Rxd5 $2 Nxd5 19. Qxd5+ Qf7 20. Qxf7+ Kxf7 21. Bxd6 cxd6 22. Be4 Rac8 23.
Bd5+ Kf6 24. Re1 Ne5 $17) 18... Bxf4 $6 (18... Rae8 $142 $5) 19. Qxf4 Nh5 (
19... Ng4 $2 20. Qg5 $18) 20. Nc5 $1 {Another very strong move I have missed
in my calculations.} (20. Qd2 Nf4 21. f3 $14 (21. Nc5 Qd6)) (20. Qe3 $2 Rae8
21. Qc5 Nf4 $40) 20... Nxf4 21. Nxd7 Rf7 22. Nc5 Na5 23. f3 c6 24. g3 Nh5 25.
f4 Nb7 26. Nxb7 $2 (26. Nd3 Rc7 $14) 26... Rxb7 27. Re6 Rc7 28. Rde1 Ng7 29.
R6e5 Kf7 30. f5 $5 {This kills the game just in the moment it was getting
interesting.} (30. Kf2 Rd8 $13) 30... gxf5 31. Bxf5 Nxf5 32. Rxf5+ Kg6 33. Rf4
Rd8 34. Re6+ Kg7 35. Rff6 d4 $1 $11 36. cxd4 Rxd4 37. Rxc6 Rd1+ 38. Kg2 Rd2+
39. Kh3 Rxc6 40. Rxc6 a5 41. Rb6 Rxb2 42. a4 $1 $11 {No chances whatsover.} b4
43. Ra6 b3 44. Rxa5 Ra2 45. Rb5 Rxa4 46. Rxb3 {He did not try to play with an
extra pawn on the same side.Anyway after 46...h5 or any other move white has
no chances to come close to win.} 1/2-1/2

[Event "Varazdin GM"]
[Site "Varazdin"]
[Date "2003.11.24"]
[Round "1"]
[White "Kazakov, Mikhail"]
[Black "Dumpor, Atif"]
[Result "0-1"]
[WhiteElo "2457"]
[BlackElo "2364"]
[Annotator "Atlas,V"]
[PlyCount "40"]
[EventDate "2003.11.24"]
[EventType "tourn"]
[EventRounds "10"]
[EventCountry "CRO"]
[EventCategory "10"]
[SourceTitle "CBM 099"]
[Source "ChessBase"]
[SourceDate "2004.03.30"]
[SourceVersion "1"]
[SourceVersionDate "2004.03.30"]
[SourceQuality "1"]

1. e4 e5 2. Nf3 Nc6 3. Bb5 a6 4. Ba4 Nf6 5. O-O Nxe4 6. d4 b5 7. Bb3 d5 8. dxe5
Be6 9. c3 Be7 10. Bc2 Bg4 11. h3 Bh5 12. g4 Bg6 13. Bb3 d4 14. cxd4 h5 15. d5
hxg4 16. hxg4 Na5 17. Bc2 Bc5 18. Kg2 Qd7 19. e6 Qd6 20. Qe1 $4 ({This
imprudent move is severely punished by Black. Essential was} 20. exf7+ Kxf7 21.
Nc3 {, with counterchances.}) {[%tqu "En","White's last move was very careless.
How can Black take advantage of it?","Exploit a weak position of the white
king.","Use your bishop to disclose the enemy king even more!","c5f2","This
powerful blow wins on the spot.",4]} 20... Bxf2 $1 {[%csl Gd6,Re1,Ge4,Gf2,Rg2,
Rg3,Rh2,Gh8]} ({A nice game conclusion! White resigned in view of huge
material losses:} 20... Bxf2 21. Rxf2 Qg3+ 22. Kf1 Rh1+) 0-1

[Event "Capablanca Memorial Elite 54th"]
[Site "Havana"]
[Date "2019.05.12"]
[Round "9"]
[White "Adhiban, Baskaran"]
[Black "Anton Guijarro, David"]
[Result "0-1"]
[WhiteElo "2701"]
[BlackElo "2667"]
[Annotator "Baskaran,Adhiban"]
[PlyCount "116"]
[EventDate "2019.05.03"]
[EventType "tourn"]
[EventRounds "10"]
[EventCountry "CUB"]
[EventCategory "16"]
[SourceTitle "CBM 190 Extra"]
[Source "ChessBase"]
[SourceDate "2019.07.15"]
[SourceVersion "1"]
[SourceVersionDate "2019.07.15"]
[SourceQuality "1"]

{[%evp 0,116,26,25,30,21,21,20,27,-21,0,-13,23,-17,4,4,13,5,17,-47,2,-44,-23,
-22,-9,-6,-6,-39,17,-1,-11,-18,-24,-25,-10,-10,-15,-41,4,-113,-113,-109,-51,
-100,-74,-88,-104,-108,-108,-73,-90,-92,-93,-102,28,-56,-64,-97,-84,-101,-84,
-80,-71,-98,-98,-98,-87,-97,-100,-107,-116,-107,-65,-82,-145,-195,-119,-119,
-107,-125,20,-237,-247,-259,-259,-267,-280,-280,-305,-312,-257,-257,-242,-242,
-242,-242,-233,-235,-226,-238,-245,-245,-245,-250,-170,-238,-238,-238,-293,
-323,-281,-293,-293,-293,-293,-293,-293,-303,-293]} 1. e4 e5 2. Nf3 Nc6 3. Bb5
a6 4. Ba4 Nf6 5. O-O Nxe4 {Anton's favourite.} 6. d4 b5 7. Bb3 d5 8. dxe5 Be6 {
Let's take a look at Anton's profile in the Open Ruy Lopez: as I noticed that
he hasn't lost any games in classical time control. (Also only one loss in
rapid so far :))} 9. c3 ({In the same event Sevian tried his luck in} 9. Nbd2
Be7 (9... Bc5) 10. c3 O-O 11. Bc2 f5 12. Nb3 Qd7 13. Nfd4 (13. Qe1 Bf7 $1 ({
The original game continued} 13... a5 {(Vitiugov-Vidit Oly 2018)} 14. Nbd4 $1 {
with a slight edge.}) 14. Nfd4 (14. Nbd4 Nd8 15. b4 {(Wesley-Vishy Tata Steel
Blitz 2018)} a5 $11) 14... Nxe5 15. f3 Bg6 $1 {A strong piece sacrifice for
two pawns.} 16. fxe4 fxe4 17. Bf4 Nc4 $132 {(Khanin-Anton RUS 2018)}) (13. Nbd4
Nd8 $5 14. Bb3 c6 15. a4 b4 16. cxb4 Bxb4 17. Bg5 (17. Ng5 {(Firouzja-Anton
Guijarro RUS 2018)} Bc5 $17) 17... Kh8 18. Rc1 c5 19. Nxe6 Nxe6 20. Bxd5 N4xg5
21. Bxa8 Qxd1 22. Rfxd1 Rxa8 23. Nxg5 Nxg5 $132 {with an equal endgame but
Anton eventually managed to win in (Bruzon-Anton Havana 2018)}) (13. Re1 Rad8
14. Qe2 Bf7 $1 {Once again this is the right way.} 15. a4 Bh5 16. axb5 axb5 17.
e6 Qe8 18. Qf1 {(Navara-Anton Batumi 2018)} Bf6 {with a complex fight.}) 13...
Nxd4 14. Nxd4 c5 15. Nxe6 Qxe6 16. f3 Ng5 17. a4 Rad8 18. axb5 axb5 19. Kh1 f4
20. b4 Qxe5 (20... cxb4 21. cxb4 Qxe5 22. Rb1 {for the pawn white has easy
play (Wesley-Vidit Online Blitz 2018)}) 21. Re1 Qf6 22. bxc5 Bxc5 23. Qd3 Kh8
24. Rb1 Bf2 $1 {A nice idea, suddenly Black goes for the attack which is quite
rare in this specific line.} 25. Re2 Bg3 26. hxg3 (26. h3 Qh6 27. Kg1 Nxh3+ 28.
gxh3 Qxh3 29. Ba3 b4 $1 30. Rxb4 Rfe8 31. Qd2 Bf2+ 32. Rxf2 Qg3+ 33. Kf1 Qh3+
34. Rg2 Qh1+ 35. Rg1 Qxf3+ 36. Qf2 Qh3+ 37. Qg2 Qxc3 {with a probable draw.})
26... Qh6+ 27. Kg1 fxg3 28. Qxh7+ Nxh7 29. Bxh6 gxh6 30. Bxh7 Kxh7 31. Rxb5 Rb8
{was soon drawn in (Sevian-Anton Havana 2019)}) (9. Qe2 Nc5 ({Anton first
tried his luck in} 9... Be7 10. Rd1 O-O 11. c4 bxc4 12. Bxc4 Bc5 13. Be3 Bxe3
14. Qxe3 Qb8 $1 {An important idea for this line.} 15. Bb3 Qb6 16. Qxb6 cxb6
17. Na3 Rfd8 {was equal and eventually drawn in (Zhigalko-Anton GRE 2017)}) 10.
Rd1 Nxb3 11. axb3 Be7 12. c4 O-O ({Another fine line was} 12... b4 $5 13. Bg5 (
13. cxd5 Bxd5 14. Qd3 Be4 $1 15. Qe2 Bd5 16. Rxa6 Rxa6 17. Qxa6 O-O 18. Qb5 Bc4
$1 19. Rxd8 Bxb5 20. Rxf8+ Kxf8 $15 {Black was even better in (Jones-Anton
Linares 2018)}) (13. Nc3 {looks cool but doesn't lead to anything more than
equality.} bxc3 14. bxc3 O-O 15. cxd5 Bxd5 16. Qb2 Re8 $11) ({One recent game
continued} 13. Nbd2 O-O 14. Nf1 Qd7 15. h3 Rfd8 16. cxd5 Bxd5 17. Ng5 Qe8 18.
Rxd5 Rxd5 19. Qe4 Bxg5 20. Qxd5 Rd8 21. Qe4 {(Heimann-Santos 2019) Here black
can even try to be ambitious with} Rd1 $5 22. f4 Bh4 {with fighting chances.})
13... Bxg5 14. cxd5 Bxd5 15. Nxg5 Qxg5 16. Rxd5 O-O 17. Nd2 Rad8 18. Nf3 Qf5
19. Rxd8 Rxd8 20. h3 a5 $11 {(Perez Candelario-Anton Linares 2018)}) 13. cxd5
Bxd5 14. Nc3 Bxf3 15. gxf3 Qc8 16. Nd5 Bd8 17. Qe4 {(Bellahcene-Anton Batumi
2018)} Re8 {with a fine game for Black.}) 9... Be7 10. Bf4 Nc5 {I was bit
surprised by this.} (10... O-O 11. Nd4 {was my prep.}) 11. Nd4 (11. Bc2 {
was a better try.}) 11... Nxd4 12. cxd4 Nxb3 13. Qxb3 h5 $5 $146 {An
interesting idea.} (13... O-O {(Sychev-Sasikiran 2019)} 14. Nd2 {with hopes of
an attack along the dark squares.}) 14. Nd2 {Played too fast and allowed the
following simple retort.} (14. Qc2 $5 {was better.}) (14. Qd3 {is the best
move for white.}) 14... c5 $1 {Literally even passing the move to my opponent
would have been better than Nd2!!} 15. Rfc1 {I decided to fight against the
queenside expansion.} ({One interesting option was} 15. dxc5 $5 g5 16. Bxg5
Bxg5 17. f4 {was an interesting way to shake things up.} Bh6 18. f5 Bc8 $1 {
Comp clearly prefers black...but the position remains very complex!} (18...
Bxd2 19. fxe6 fxe6 20. Rf6 {offers sufficient compensation for the piece.})) (
15. Qg3 g5 16. Be3 h4 17. Qf3 c4 {with everything in black's favour.}) 15... c4
16. Qd1 g5 17. Be3 Rc8 18. a3 $1 {Preparing b4.} a5 19. b4 $5 {Changing the
course of the game.} (19. Nf1 {was an option.}) 19... axb4 {Maybe this only
helps White.} ({A decent alternative was} 19... h4 $5 20. bxa5 Qxa5 $17) 20.
axb4 g4 ({Dubious is} 20... Bxb4 21. Rcb1 Bc3 22. Ra7 (22. Ra6 $1 {was the
correct idea with strong compensation for the pawn.}) 22... Qb6 (22... b4 23.
Nf3 {with lots of play for the pawn.} Rg8 24. Qa4+ Kf8 25. Rxb4 Bxb4 26. Qxb4+
{was one idea.}) 23. Ne4 $5 dxe4 24. d5 {with complete chaos, but the comp
ruthlessly suggests} Qd8 25. dxe6 Qxd1+ 26. Rxd1 O-O $1 {and the queenside
pawns give black the advantage.}) 21. Ra7 Rc7 (21... Bxb4 $5 22. Rb1 Qb6 {
was a nice tactic which is what I was expecting...} 23. Rba1 $1 {with
compensation.}) 22. Rca1 (22. Ra6 Bxb4 23. Rb1 Be7 24. Rxb5 c3) 22... O-O 23.
Bh6 {Shooting into thin air!} (23. Nf1 $1 {[%cal Gf1g3] Starting my assault on
the kingside.} c3 (23... Bf5 24. Ng3 Bg6 {This manouvre doesn't work here with
the queen on d1 as it can be strongly met by} 25. h3 $1) 24. Ng3 c2 25. Qc1 h4
26. Nh5 Kh7 {with chances for both sides.}) 23... Re8 24. Qc1 Bf5 ({Stronger
was} 24... Rxa7 25. Rxa7 Bg5 {was my main concern and rightly so.} 26. Bxg5
Qxg5 27. Qc3 h4 $17 {with a clear advantage.}) 25. Rxc7 Qxc7 26. Nb3 {This was
just stupid and the wrong direction!} ({Once again the right direction was} 26.
Nf1) 26... Bg6 ({Another winning line was} 26... Bxb4 27. Qg5+ Bg6 28. Qf6 Bf8
29. Bxf8 Rxf8 30. Nc5 {This was the idea I was counting but black has} c3 $1 {
with advantage.}) 27. Bd2 {Hoping to get Nc5.} Qb8 $1 28. Na5 {And now
suddenly the knight is out of play!} (28. Nc5 Bxc5 29. bxc5 b4 {is hopeless.})
28... Qc8 29. Bc3 {The rest of the game is just Black playing with an extra
piece...} Kh7 30. Qe3 Bf8 31. Bd2 f6 32. Re1 Qd7 33. f4 Bh6 34. Qf2 fxe5 35.
Rxe5 Rf8 36. Qe1 Rf7 37. Re6 Bf5 38. Rb6 Bg7 39. Bc3 Qe7 {A mistake allowing
White a good chance to make things messy.} (39... Re7 40. Qh4 Qe8 $1 {was the
simplest.}) 40. Nc6 $4 {A huge blunder allowing the following pin.} (40. Qxe7
Rxe7 41. Rxb5 {was still everything to fight for!} Re3 42. Rxd5 Bg6 43. f5 Be8
{is still better but the majority of Black's advantage has disappeared!}) 40...
Qxe1+ 41. Bxe1 Rf6 $1 {Now it is just lost, as I can't escape the pin.} 42.
Rxb5 Rxc6 43. Rxd5 Kg6 44. Bc3 Ra6 45. Ra5 Rxa5 46. bxa5 {For a while I was
thinking if this was a fortress but there is a straightforward way to
breakthrough.} Bc8 47. Kf2 Kf5 48. Ke3 h4 49. g3 h3 {My only chance is
exchange the queenside pawns and the dark squared bishop then it is a draw,
but this is not possible to achieve.} 50. Bb4 Bb7 51. Bc5 Bh6 52. Bd6 (52. d5
Bxd5 53. Kd4 Bb7 54. Kxc4 Ke4 {and the king walks to g2.}) 52... Ke6 53. Bb4
Kd5 54. Ba3 Ba6 55. Bb4 Bg7 56. Bc3 Bc8 (56... Bf8 57. f5 Bh6+ 58. Ke2 Ke4 59.
f6 Kd5 60. Kf2 Ke6 61. d5+ Kxd5 62. Ke2 Ke6 {wins.}) 57. Bb2 Bf8 58. Bc3 Ba3
0-1

[Event "World Women-ch"]
[Site "Lvov"]
[Date "2016.03.11"]
[Round "7"]
[White "Hou, Yifan"]
[Black "Muzychuk, Mariya"]
[Result "1/2-1/2"]
[WhiteElo "2673"]
[BlackElo "2554"]
[Annotator "Besenthal,K"]
[PlyCount "161"]
[EventDate "2016.03.02"]
[EventType "match"]
[EventRounds "10"]
[EventCountry "UKR"]
[SourceTitle "CBM 172"]
[Source "ChessBase"]
[SourceDate "2016.05.12"]
[SourceVersion "1"]
[SourceVersionDate "2016.05.12"]
[SourceQuality "1"]

1. e4 e5 2. Nf3 Nc6 3. Bb5 a6 4. Ba4 Nf6 5. O-O Nxe4 6. d4 b5 7. Bb3 d5 8. dxe5
Be6 9. Nbd2 Be7 10. c3 Nc5 11. Bc2 d4 {Diagramm [#]} 12. cxd4 (12. Nb3 d3 {
ist in letzter Zeit die beliebtere Variante.}) 12... Nxd4 13. Nxd4 Qxd4 14. Nf3
Qxd1 15. Rxd1 O-O 16. Be3 Rfd8 17. Rdc1 h6 18. Nd4 Bd5 19. Bd1 {Diagramm [#]
Hou Yifan lässt den schwarzen Springer in ihre Stellung eindringen und in der
Tat ergibt sich dadurch auch kein Vorteil für die Nachziehende.} Nd3 20. Rxc7
Bf8 21. e6 fxe6 22. Bg4 Re8 23. b3 Bd6 24. Rc2 Ne5 25. Be2 Be4 26. Rd2 Bb4 27.
Rdd1 Bd5 28. Rac1 Rac8 29. h4 Ba3 30. Rc2 Rxc2 31. Nxc2 Be7 32. h5 Rc8 33. Nd4
Kf7 34. f3 Bf6 35. Kf2 Rc3 36. f4 Nd7 37. Bd3 Ke7 38. Bb1 {Diagramm [#]} Bh4+
$5 {Dieses Schach führt zu nichts.} 39. Ke2 Bf6 40. g4 (40. Nf5+ $1 Kf8 41.
Bd2 Rc8 42. Bb4+ Kg8 43. Ne3 Bc6 44. Rd6 {hätte die Stellung der weißen
Figuren deutlich verbessert.}) 40... Bxd4 41. Bxd4 Rh3 42. Rc1 Bf3+ 43. Kf2
Bxg4 44. Bxg7 Rxh5 45. Kg3 Bf5 46. Bxf5 Rxf5 47. Bxh6 Rc5 48. Rf1 Nf6 49. Bg5
Kf7 50. Bxf6 Kxf6 51. b4 $2 {Diagramm [#] Dazu gab es keine Veranlassung.} Rc4
52. Rf3 Kf5 53. Ra3 Rxf4 54. Rxa6 Rxb4 {Nun muss Hou sich gegen den Mehrbauern
verteidigen, aber auch das schafft sie.} 55. Rb6 Ke5 56. Kf3 Kd5 57. Ke3 e5 58.
Kd2 Rb2+ 59. Kc1 Rb4 60. a3 Kc5 61. Re6 Re4 62. Kc2 Kd4 63. Rd6+ Kc4 64. Rc6+
Kd5 65. Rb6 Rc4+ 66. Kd2 Kc5 67. Rb8 Ra4 68. Rc8+ Kd4 69. Rb8 Ra5 70. Rd8+ Kc4
71. Re8 Kd5 72. Rd8+ Ke4 73. Rb8 Rxa3 74. Rxb5 Kf4 75. Rb8 Kf3 76. Rf8+ Ke4 77.
Rb8 Ra2+ 78. Ke1 Kf4 79. Rb3 e4 80. Rc3 e3 81. Rc8 1/2-1/2